| 000 | 00904nam a22002177a 4500 | ||
|---|---|---|---|
| 999 |
_c13614 _d13614 |
||
| 003 | AR-CdUCM | ||
| 008 | 190415b ||||| |||| 00| 0 spa d | ||
| 040 |
_aMUNICIPALIDAD PROVINCIAL DEL CUSCO _cBIBLIOTECA MUNICIPAL DEL CUSCO |
||
| 082 |
_a373./ _bV66 |
||
| 100 |
_aVillasante Ll., Marco _932086 |
||
| 245 | _aDiseño de un proyecto de investigación / | ||
| 260 |
_aCusco : _bInstituto de investigación universidad y región, _c1993. |
||
| 300 |
_a93 paginas ; _c20 cm. |
||
| 505 | _aContenido La importancia del diseño -- Niveles de investigación, diversidad de diseños -- Componentes del diseño -- La selección de técnicas de obtención de la información... | ||
| 650 |
_aMétodos de investigación _914974 |
||
| 650 |
_aDiseño de análisis _932087 |
||
| 650 |
_aFases de la investigacion _932088 |
||
| 710 |
_aUNSAAC - IIUR _932089 |
||
| 942 |
_2ddc _cLIBROS |
||
| 945 |
_awnts _d2019-04-15 |
||